Guess Any Year in the Range - Statistics

General Stats
  • This quiz has been taken 1,068 times
  • The average score is 11 of 20
Answer Stats
Hint Answer % Correct
World War One 1914-1918
100%
Existence of the USSR 1922-1991
93%
Life of Christopher Columbus 1451-1506
87%
Reign of Queen Victoria 1837-1901
87%
French Revolution 1789-1799
77%
American Civil War 1861-1865
73%
Roman occupation of Britain 43-410
67%
Life of Leonardo Da Vinci 1452-1519
59%
Hundred Years' War 1337-1453
53%
Life of Muhammad c.570-632
53%
Inca Empire 1438-1533
51%
Life of Genghis Khan c.1162-1227
51%
Mughal Empire 1526-1858
42%
Life of Richard the Lionheart 1157-1199
40%
Crimean War 1853-1856
35%
Song Dynasty 960-1279
33%
Lewis and Clark expedition 1804-1806
29%
Marco Polo's voyage to China and back 1271-1292
27%
Magellan-Elcano expedition 1519-1522
27%
Construction of the Taj Mahal 1631-1648
16%
No matching quizzes found
Score Distribution
Percent of People with Each Score
Percentile by Number Answered
Your Score History
You have not taken this quiz